Aircraft of United Airlines - Statistics

General Stats
  • This quiz has been taken 40 times
  • The average score is 12 of 25
Answer Stats
Hint # Answer % Correct
Airbus 71 A320-200
97%
Airbus 77 A319-100
77%
Airbus 51 A321NEO
57%
Boeing 123 B737 MAX 8
50%
Boeing 19 B777-200
50%
Boeing 141 B737-800
47%
Boeing 12 B737-900
47%
Boeing 136 B737-900ER
47%
Boeing 113 B737 MAX 9
47%
Embraer 236 E175
47%
Boeing 40 B737-700
43%
Boeing 40 B757-200
43%
Boeing 21 B757-300
43%
Boeing 37 B767-300ER
43%
Boeing 16 B767-400ER
43%
Boeing 21 B787-10
43%
Boeing 12 B787-8
43%
Boeing 47 B787-9
43%
Bombardier 14 CRJ-700
43%
Boeing 55 B777-200ER
40%
Boeing 22 B777-300ER
40%
Bombardier 77 CRJ-200
40%
Embraer 5 E170
40%
Bombardier 70 CRJ-550
30%
Embraer 59 ERJ-145XR
27%
No matching quizzes found
Score Distribution
Percent of People with Each Score
Percentile by Number Answered
Your Score History
You have not taken this quiz